| 000 | 00429nam a22001337a 4500 | ||
|---|---|---|---|
| 999 |
_c514506 _d514506 |
||
| 008 | 201110b ||||| |||| 00| 0 eng d | ||
| 100 |
_aBurgess, Robin, et el. _920936 |
||
| 245 | _aThe consequences of treating electricity as a right | ||
| 260 | _aThe Journal of Economic Perspectives | ||
| 300 | _a34(1), Winter, 2020: p.145-169 | ||
| 773 | _aThe Journal of Economic Perspectives | ||
| 906 | _aELECTRICITY | ||
| 942 | _cAR | ||